| 000 | 01240nam a22002537a 4500 | ||
|---|---|---|---|
| 999 |
_c2048 _d2048 |
||
| 003 | AR-CdUCM | ||
| 008 | 190228b ||||| |||| 00| 0 spa d | ||
| 020 | _a8489302049 | ||
| 040 |
_aMUNICIPALIDAD PROVINCIAL DEL CUSCO _cBIBLIOTECA MUNICIPAL DEL CUSCO |
||
| 082 |
_a 918.5 / _bW55 |
||
| 100 |
_aWiener, Charles _97415 |
||
| 245 |
_aPerú y Bolivia relato de viaje : _bSeguido de estudios arqueológicos y etnográficos y de notas sobre la escritura y los idiomas de las poblaciones indígenas / |
||
| 260 |
_aLima : _bInstituto Francés de Estudios Andinos, _c2015. |
||
| 300 |
_aXXXVI ; IX ; 859 páginas ; _bmapas ; graficos ; ilustraciones ; _c24 cm. |
||
| 500 | _a"Seguido de estudios arqueológicos y etnográficos y de notas sobre la escritura y los idiomas de las poblaciones indígenas. Obra incluyendo más de 1100 grabados, 27 mapas y 18 planos" Con portada en francés y español. Incluye referencias bibliográficas. | ||
| 650 |
_aDescripciones y viajes _9497 |
||
| 650 |
_aBolivia siglo XIX _97416 |
||
| 650 |
_aDescripciones y viajes _9497 |
||
| 650 |
_aLenguas. Perú _97417 |
||
| 650 |
_aIndígenas de América del Sur _97418 |
||
| 650 |
_aAmérica del Sur arqueología _97419 |
||
| 942 |
_2ddc _cLIBROS |
||
| 945 | _azta | ||